Normal view
MARC view
Entry Personal Name
001 - CONTROL NUMBER
- control field: 27608
003 - CONTROL NUMBER IDENTIFIER
- control field: dpl
005 - DATE AND TIME OF LATEST TRANSACTION
- control field: 20110502172733.0
008 - FIXED-LENGTH DATA ELEMENTS
- fixed length control field: 110502|||a|||||| | ||| d
040 ## - CATALOGING SOURCE
- Original cataloging agency: dpl
- Transcribing agency: dpl
100 ## - HEADING--PERSONAL NAME
- Personal name: Stephens, Larry J
670 ## - SOURCE DATA FOUND
- Source citation: Work cat.: (dpl)35186: Spiegal, Murray R 27605, Schaum's outlines statistics /, 2010
670 ## - SOURCE DATA FOUND
- Source citation: Work cat.: (dpl)35186: Spiegal, Murray R 27605, Schaum's outlines statistics /, 2010
